The Skin and Systemic Disease Color Atlas and Text (Record no. 8498)

MARC details
000 -LEADER
fixed length control field 00389pam a2200157 a 4500
020 ## - INTERNATIONAL STANDARD BOOK NUMBER
International Standard Book Number 0443064539X
Terms of availability
041 ## - LANGUAGE CODE
Language code of original
082 ## - DEWEY DECIMAL CLASSIFICATION NUMBER
Classification number 616.5
Item number LEB
100 ## - MAIN ENTRY--PERSONAL NAME
Personal name Lebwohl Mark G. .
245 ## - TITLE STATEMENT
Title The Skin and Systemic Disease Color Atlas and Text
Medium Textual Documents
250 ## - EDITION STATEMENT
Edition statement 2nd ed. .
260 ## - PUBLICATION, DISTRIBUTION, ETC.
Name of publisher, distributor, etc. Churchill Livingstone
Date of publication, distribution, etc. 2004
300 ## - PHYSICAL DESCRIPTION
Extent 560.
653 ## - INDEX TERM--UNCONTROLLED
Uncontrolled term Dermatology
930 ## - EQUIVALENCE OR CROSS-REFERENCE-UNIFORM TITLE HEADING [LOCAL, CANADA]
Uniform title 8502
Holdings
Withdrawn status Lost status Damaged status Not for loan Collection Home library Current library Date acquired Source of acquisition Cost, normal purchase price Total Checkouts Full call number Barcode Date last seen Copy number Price effective from Koha item type
          Medical College, Pune Medical College, Pune 15/12/2009 Bharati Madhyavarti Sahakari Grahak Bhandar Ltd. 12229.10   616.5 LEB MCP-13095 06/02/2023 1 06/02/2023 Book